Normal view MARC view
  • Janer Manila, Gabriel,

Entry Nombre Personal

Number of records used in: 2

001 - NUMERO DE CONTROL

  • campo de control: 46414

003 - IDENTIFICADOR DE NUMERO DE CONTROL

  • campo de control: UPN

005 - FECHA Y HORA DE LA ÜLTIMA TRANSACCIÓN

  • campo de control: 20220915131853.0

008 - DATOS DE LONGITUD FIJA

  • campo de control de longitud fija: 220915nn acannaabn n aaa d

040 ## - FUENTE DE CATALOGACIÓN

  • Agencia original de catalogación: UPN

053 #4 - NÚMERO DE CLASIFICACIÓN LC

  • Número de clasificación elemento-número único o número inicial de tramo: PQ6660 A5

100 1# - ENCABEZAMIENTO - NOMBRE PERSONAL

  • Nombre personal: Janer Manila, Gabriel,
  • Fechas asociadas con el nombre: 1940-

670 ## - FUENTE EN LA QUE SE LOCALIZARON DATOS

  • Cita de la fuente: LC/P

680 ## - NOTA PUBLICA DE ACCESO PÚBLICO

  • Frase explicativa de la referencia: Escritor, profesor universitario y traductor español

902 ## - CATALOGADOR

  • Catalogador: CAA/150922